| 000 | 00404cam a2200181ua 4500 | ||
|---|---|---|---|
| 001 | 3954 | ||
| 008 | 111209n ii |||gr||||Z||||||asm | ||
| 040 | _cMAIN | ||
| 082 | _a891.4511 | ||
| 100 | _aHazarika, Upen, | ||
| 245 | 1 | 1 |
_aTumaloi _cby Upen Hazarika |
| 250 | _a1st. | ||
| 260 |
_aNagaon: _bUpen hazarika,963. |
||
| 300 | _a20p:5cm. | ||
| 653 | _aAssamese poem | ||
| 653 | _aTumaloi | ||
| 942 | _cBK | ||
| 999 |
_c3776 _d3776 |
||